| 000 | 00604nam a2200229 i 4500 | ||
|---|---|---|---|
| 999 |
_c4446 _d4446 |
||
| 001 | 2424381 | ||
| 003 | OSt | ||
| 005 | 20181205184550.0 | ||
| 008 | 760813s1976 coua b 000 0 eng | ||
| 010 | _a76008736 | ||
| 020 | _a0916406210 : | ||
| 040 |
_aDLC _cDLC _dBSC |
||
| 082 |
_a220.15 _bL724P |
||
| 092 |
_a220.15 _bL724p |
||
| 100 | 1 | _aLightner, Robert Paul. | |
| 245 | 1 | 0 |
_aProphecy in the ring / _cRobert P. Lightner. |
| 260 |
_aDenver : _bAccent Books, _cc1976. |
||
| 300 |
_a127 p. : _bill. ; _c21 cm. |
||
| 504 | _aBibliography: p. 123-126. | ||
| 630 | 0 | 0 |
_aBible _xProphecies. |
| 942 |
_2ddc _cBK |
||